000 00757nam a2200229Ia 4500
005 20250108125157.0
008 008 250107s9999 xx 000 0 hin d
020 _a978-81-267-0519-1
037 _aTB
040 _aCRL
_bhin
_cCRL
041 _ahin
_2hin
084 _aI:(S:34) Q7.1-.2
084 _qCRL
100 _aशेर, परवीन, ले.
245 0 _aचन्द सीपियां समन्दरों से
_cशेर, परवीन, ले.
260 _aबीकानेर, भारत
_bसूर्य प्रकाशन मन्दिर
_c3553
300 _a253पृ0
365 _a
_b374.95
650 _aभूगोल
942 _cTB
_hI:(S:34) Q7.1-.2
999 _c1235941
_d1235941